Hauptstadt Südamerikas auf einer Karte. - Statistiken

Allgemein
  • Dieses Quiz wurde 210 mal gespielt
  • Das Durchschnittsergebnis liegt bei 10 aus 13
Antworten auf der Karte
Die Antworten werden auf der Karte rot bzw. grün angezeigt, abhängig davon wie oft sie richtig erraten wurden.
 
Antwortstatistiken
Land Hauptstadt % Korrekt
Brasilien Brasilia
100%
Peru Lima
93%
Argentinien Buenos Aires
91%
Chile Santiago
90%
Uruguay Montevideo
87%
Venezuela Caracas
85%
Kolumbien Bogota
84%
Ecuador Quito
80%
Bolivien La Paz
73%
Sucre
69%
Paraguay Asuncion
67%
Guyana Georgetown
63%
Suriname Paramaribo
57%
Keine übereinstimmenden Quizze gefunden
Verteilung der Resultate
Anzahl Personen mit jedem Resultat
Perzentil nach korrekt beantworteten Fragen
Ihre Resultats-Entwicklung
Sie haben dieses Quiz noch nicht gespielt